000 00337 a2200133 4500
001 58064
082 _a355.00711 MAS
090 _c35576
_d35576
100 _aMasood Khan
245 _aMy Topa; history of PAF public School Lower Topa
260 _aKarachi
_bJan Printers
_c2006
300 _a375
600 _aMuhammad Masood Khan
942 _aNUST-CAE
_k355.00711 MAS
999 _c293137
_d293137